| 000 | 00959nam0a2200277 4500 | ||
|---|---|---|---|
| 001 | RU\NLR\BIBL_A\022744768 | ||
| 005 | 20260308045310.0 | ||
| 035 | _a(NLR Aleph) 022744768 | ||
| 090 |
_a13558692 _c13558692 |
||
| 100 | _a20260305d1975 c y0rusy50 ca | ||
| 101 | 0 | _aaze | |
| 102 | _aAZ | ||
| 105 | _aa z 000 y | ||
| 181 | 0 |
_ai _baxxe |
|
| 182 | 0 | _an | |
| 200 | 1 |
_aТүлкү вә ҹанавар _e[кичик jашлы мәктәблиләр үчүн ] _f[тәрт. ед.: Исмаjыл Гараjев] _g[рәссам М. Назим] |
|
| 203 |
_aТекст _bвизуальный _cнепосредственный |
||
| 210 |
_aБакы _cҜәнҹлик _d1975 |
||
| 215 |
_a[12] с. _cил. _d14 |
||
| 541 | 1 |
_6z01790 _aЛиса и Волк _eазерб. народная сказка _zrus |
|
| 686 | 1 | _aШ9(2)3=Аз | |
| 702 | 1 |
_aГараjев _bИ. _gИсмаjыл _4220 |
|
| 702 | 1 |
_aНазим _bМ. _4040 |
|
| 942 | _cUNSPEC | ||
| 980 | _aNB | ||